| 000 | 00442nam a22001337a 4500 | ||
|---|---|---|---|
| 080 | _a341.1 R 83 | ||
| 100 | _aRuda, Jose Maria | ||
| 245 | _aInstrumentos Internacionales | ||
| 260 |
_aBuenos Aires _bTea _c1976 |
||
| 300 | _a787 | ||
| 650 |
_xderecho internacional _xinstrumentos internacionales _xderechos del mar _xrelaciones diplomaticas _xrelaciones consulares _xespacio aereo _xespacio ultraterrestre |
||
| 945 |
_asa _d2014-11-20 |
||
| 999 |
_c2740 _d233244 |
||
| 942 | _6_ | ||